| 000 | 00854nam a2200229 a 4500 | ||
|---|---|---|---|
| 999 |
_c5917 _d5917 |
||
| 001 | 5917 | ||
| 003 | BD-JhCC | ||
| 005 | 20171230183401.0 | ||
| 008 | 171230s1958 bg |||| ||a| 000 0 ben d | ||
| 035 | _a(BD-JhCC)5917 | ||
| 040 |
_aBD-JhCC _dBD-JhCC |
||
| 041 | _aben | ||
| 082 |
_a630 _bSCA 1958 |
||
| 100 | _aস্ক্যাফ, অ্যালভিন এইচ | ||
| 245 |
_aফিলিপাইনে কৃষিসংস্কার / _cঅ্যালভিন এইচ স্ক্যাফ |
||
| 260 |
_aবোম্বাই : _bপার্ল পাব্লিেশন প্রাইেভট লিমিটেড, _c১৯৫৮. |
||
| 300 |
_a116 P. : _c18 cm. |
||
| 650 |
_aAgrcutlure _zPhiliphine |
||
| 700 | _aচট্টোপাধ্যায়, যোগেন্দ্রাথ | ||
| 942 |
_2ddc _cBK |
||